Central Library OPAC University of Rajshahi

Social inequality : (Record no. 33288)

MARC details
000 -LEADER
fixed length control field 00832cam a2200289 4500
001 - CONTROL NUMBER
control field 33288
003 - CONTROL NUMBER IDENTIFIER
rucl marc code BD-RjUL
005 - DATE AND TIME OF LATEST TRANSACTION
control field 20211209052000.0
008 - FIXED-LENGTH DATA ELEMENTS--GENERAL INFORMATION
fixed length control field 140507r19741969mdu b 001 0 eng
020 ## - INTERNATIONAL STANDARD BOOK NUMBER
International Standard Book Number 0140801073
035 ## - SYSTEM CONTROL NUMBER
System control number (BD-RjUL)33379
040 ## - CATALOGING SOURCE
Original cataloging agency DLC
Transcribing agency DLC
Modifying agency BD-RjUL
Language of cataloging eng
041 ## - LANGUAGE CODE
Language code of text/sound track or separate title eng
082 00 - DEWEY DECIMAL CLASSIFICATION NUMBER
Classification number 301.4408
Author mark and year SOC 1974
245 10 - TITLE STATEMENT
Title Social inequality :
Remainder of title selected readings /
Statement of responsibility, etc. Edited by André Béteille.
260 ## - PUBLICATION, DISTRIBUTION, ETC. (IMPRINT)
Place of publication, distribution, etc. Baltimore :
Name of publisher, distributor, etc. Penguin Books,
Date of publication, distribution, etc. [Reprinted 1974].
300 ## - PHYSICAL DESCRIPTION
Pagination 397 p. ;
Size 18 cm.
350 ## - PRICE (NR) (BK AM CF MU VM SE) [OBSOLETE]
Price 2.25
490 0# - SERIES STATEMENT
Series statement Penguin modern sociology readings
504 ## - BIBLIOGRAPHY, ETC. NOTE
Bibliography, etc Bibliography: p. 381-384 and index.
650 #0 - SUBJECT ADDED ENTRY--TOPICAL TERM
Topical term or geographic name as entry element Equality.
9 (RLIN) 101089
Topical term or geographic name as entry element Social classes.
9 (RLIN) 101090
700 1# - ADDED ENTRY--PERSONAL NAME
Personal name Béteille, André,
942 ## - ADDED ENTRY ELEMENTS (KOHA)
Source of classification or shelving scheme Dewey Decimal Classification
Koha item type Books
Holdings
Lost status Source of classification or shelving scheme Damaged status Not for loan Collection code Permanent Location Current Location Shelving location Date acquired Source of acquisition Total Checkouts Full call number Date last seen Date checked out Copy number Koha item type
  Dewey Decimal Classification     Non-fiction Central Library, University of Rajshahi Central Library, University of Rajshahi   08/06/1977 W. U. S. 1 301.4408 SOC 1974 26/10/2021 10/03/2020 C-2 Books